[Event "North American Open"]
[Site "Las Vegas USA"]
[Date "2002.12.26"]
[Round "1"]
[White "Mikhalevski,V"]
[Black "Sinn,M"]
[Result "0-1"]
[WhiteElo "2524"]
[BlackElo "2162"]
[EventDate "2002.12.26"]

1. d4 d5 2. c4 dxc4 3. Nf3 Nf6 4. e3 Bg4 5. Bxc4 e6 6. Nc3 Be7 7. h3 Bh5 8.
g4 Bg6 9. Ne5 Nbd7 10. Nxg6 hxg6 11. g5 Nd5 12. Nxd5 exd5 13. Bxd5 c6 14.
Bg2 Bb4+ 15. Kf1 Qxg5 16. e4 Qe7 17. h4 O-O-O 18. Bg5 f6 19. Be3 Ba5 20. h5
g5 21. Qb3 Qe8 22. d5 Bb6 23. dxc6 bxc6 24. Rc1 Kc7 25. Rxc6+ Kxc6 26. e5+
Kc7 27. Qc4+ Kb8 28. Qa6 Nc5 29. Bxc5 Rd1+ 30. Ke2 Qxe5+ 31. Kxd1 Rd8+ 32.
Kc1 Qxc5+ 33. Kb1 Qf5+ 34. Ka1 Rd7 35. Re1 Qe5 36. Rc1 Qc5 37. Qf1 Qe5 38.
Re1 Qd4 39. Qe2 Qd2 0-1

[Event "North American Open"]
[Site "Las Vegas USA"]
[Date "2002.12.26"]
[Round "1"]
[White "Novikov,I"]
[Black "Delgado,V USA"]
[Result "1-0"]
[WhiteElo "2592"]
[BlackElo "2321"]
[EventDate "2002.12.26"]

1. d4 Nf6 2. c4 g6 3. Nc3 Bg7 4. e4 d6 5. f3 O-O 6. Nge2 Nc6 7. Be3 a6 8.
Qd2 Rb8 9. Rb1 Re8 10. b4 b5 11. cxb5 axb5 12. d5 Ne5 13. Nd4 Bd7 14. Ncxb5
e6 15. dxe6 fxe6 16. Be2 d5 17. Bf4 Nh5 18. Bg5 Qc8 19. Rc1 Nc4 20. Bxc4
dxc4 21. a4 e5 22. Ne2 Bxb5 23. axb5 Qe6 24. Nc3 Bf8 25. Rb1 c6 26. bxc6
Bxb4 27. c7 Rb7 28. Rxb4 Rxb4 29. O-O Rb7 30. Bd8 Nf4 31. Nd5 Nd3 32. h3
Kg7 33. Ra1 Rb2 34. Bf6+ Kg8 35. Qh6 Qd7 36. Bxe5 Nxe5 37. Nf6+ Kh8 38.
Nxd7 Nxd7 39. Rd1 1-0

[Event "North American Open"]
[Site "Las Vegas USA"]
[Date "2002.12.26"]
[Round "1"]
[White "Kacheishvili,G"]
[Black "Salman,N"]
[Result "1-0"]
[WhiteElo "2597"]
[BlackElo "2240"]
[EventDate "2002.12.26"]

1. d4 d5 2. c4 e6 3. Nf3 Nf6 4. Nc3 Bb4 5. Bg5 c6 6. e3 Qa5 7. Bxf6 Bxc3+
8. bxc3 Qxc3+ 9. Nd2 gxf6 10. cxd5 exd5 11. Rb1 Qa3 12. Rb3 Qe7 13. Bd3 h5
14. O-O Be6 15. Qc2 a5 16. a4 Na6 17. Bxa6 Rxa6 18. Rfb1 Bc8 19. e4 dxe4
20. Nxe4 Kf8 21. Nc5 Ra7 22. Re3 Qd6 23. Qc3 Rh6 24. Rbe1 Bf5 25. Qa3 Kg8
26. Re8+ Kh7 27. Qf3 Qd5 28. Qxd5 cxd5 29. R1e7 Kg7 30. f3 h4 31. Kf2 Rh5
32. Ke3 Rg5 33. Kf4 Rh5 34. g4 hxg3 35. hxg3 Bh7 36. Ne6+ Kg6 37. Nd8 Ra8
38. Rf8 Rf5+ 39. Kg4 Rg5+ 40. Kh3 Rh5+ 41. Kg2 Rc8 42. g4 Rc2+ 43. Kg3 Rg5
44. Rexf7 Kh6 45. Ne6 Bg8 46. Rxf6+ Rg6 47. Rxg8 Rxf6 48. g5+ Kh7 49. Rg7+
1-0

[Event "North American Open"]
[Site "Las Vegas USA"]
[Date "2002.12.26"]
[Round "1"]
[White "Ilfeld,E"]
[Black "Strupinsky,V"]
[Result "0-1"]
[WhiteElo "2176"]
[BlackElo "2318"]
[EventDate "2002.12.26"]

1. e4 c5 2. Nf3 e6 3. d4 cxd4 4. Nxd4 a6 5. Bd3 Bc5 6. Nb3 Be7 7. c4 d6 8.
O-O Nf6 9. Be3 b6 10. f4 Nbd7 11. N1d2 Bb7 12. Qe2 h5 13. Bd4 e5 14. Bc3
Qc7 15. f5 h4 16. a4 Qb8 17. Rf2 Nh5 18. Nf1 Nf4 19. Qc2 Nf6 20. Nfd2 h3
21. g3 Nxd3 22. Qxd3 Qc7 23. Re2 Rc8 24. a5 Ba8 25. axb6 Qxb6+ 26. Kf1 Qb7
27. Na5 Qd7 28. Nab3 Qb7 29. Na5 Qa7 30. Qf3 Bd8 31. Qd3 O-O 32. Qf3 Nh7
33. Qg4 Bb6 34. Qxh3 Bd4 35. Qg4 Rb8 36. h4 Bxc3 37. bxc3 Nf6 38. Qf3 Rb2
39. g4 Rxd2 40. Rxd2 Nxe4 41. Qd3 Nxd2+ 42. Qxd2 Re8 43. Ke2 Qb6 44. g5 e4
45. Qa2 Qc5 46. Rf1 e3 47. Qa4 Qe5 0-1

[Event "North American Open"]
[Site "Las Vegas USA"]
[Date "2002.12.26"]
[Round "1"]
[White "Barcenilla,R"]
[Black "Storch,L"]
[Result "1-0"]
[WhiteElo "2486"]
[BlackElo "2246"]
[EventDate "2002.12.26"]

1. c4 e6 2. Nc3 Nf6 3. e4 d5 4. e5 d4 5. exf6 dxc3 6. bxc3 Qxf6 7. d4 c5 8.
Nf3 cxd4 9. Bg5 Qf5 10. cxd4 Bb4+ 11. Bd2 Nc6 12. Be2 O-O 13. O-O Bxd2 14.
Qxd2 b6 15. d5 exd5 16. cxd5 Rd8 17. Rfd1 Ne5 18. Rac1 Bb7 19. Nxe5 Qxe5
20. d6 Rac8 21. Rxc8 Bxc8 22. Bc4 Be6 23. Bxe6 Qxe6 24. Re1 Qf6 25. d7 g6
26. Re8+ Kg7 27. h3 b5 28. Qb4 1-0

[Event "North American Open"]
[Site "Las Vegas USA"]
[Date "2002.12.26"]
[Round "1"]
[White "Sakai,K"]
[Black "Mikhailuk,S"]
[Result "1/2-1/2"]
[WhiteElo "2176"]
[BlackElo "2442"]
[EventDate "2002.12.26"]

1. e4 c5 2. Nf3 Nc6 3. d4 cxd4 4. Nxd4 Nf6 5. Nc3 d6 6. Bg5 Bd7 7. Qd2 Rc8
8. Be2 Nxd4 9. Qxd4 Qa5 10. Bxf6 gxf6 11. O-O Rg8 12. Nd5 Rxc2 13. b4 Qa3
14. Bd1 Rc8 15. Bb3 Rg6 16. Rad1 Kd8 17. f4 Qa6 18. f5 Rg4 19. Rfe1 Ba4 20.
Bxa4 Qxa4 21. h3 Rg3 22. Qf2 Ra3 23. Rc1 Rc6 24. Qh4 h6 25. Qh5 Ke8 26.
Nc7+ Kd7 27. Qxf7 Kxc7 28. Qxf8 Rxa2 29. Qxe7+ Kb6 30. Qxf6 Rd2 31. Qxh6
Qa2 32. Qg7 Qa3 33. Rxc6+ bxc6 34. Ra1 Qe3+ 35. Kh1 a6 36. Qe7 Qg3 37. Rg1
Rf2 38. Qd8+ Kb7 39. Qd7+ Kb6 40. Qd8+ Kb7 41. f6 Qf4 42. f7 Qxf7 43. Qxd6
Qg7 44. e5 Re2 45. e6 Qf6 46. Qd7+ Kb6 47. Rd1 Rxe6 48. Qd4+ Qxd4 49. Rxd4
a5 50. bxa5+ Kxa5 51. Kh2 c5 52. Rf4 Kb5 53. h4 c4 54. Kh3 c3 55. h5 c2 56.
Rf1 Kc4 57. g4 Kd3 58. g5 Kd2 59. Ra1 Ra6 60. Rf1 Re6 61. g6 Re3+ 62. Kg4
Re1 63. Rxe1 Kxe1 64. g7 c1=Q 65. g8=Q Qd1+ 66. Kh4 Qd4+ 67. Qg4 Qf6+ 68.
Kh3 Qf1+ 69. Qg2 Qf5+ 70. Qg4 1/2-1/2

[Event "North American Open"]
[Site "Las Vegas USA"]
[Date "2002.12.26"]
[Round "1"]
[White "Karklins,A"]
[Black "Shamilov,E"]
[Result "1/2-1/2"]
[WhiteElo "2291"]
[BlackElo "2185"]
[EventDate "2002.12.26"]

1. e4 c5 2. Nf3 d6 3. d4 cxd4 4. Nxd4 Nf6 5. Nc3 g6 6. g3 Nc6 7. Bg2 Nxd4
8. Qxd4 Bg7 9. Be3 O-O 10. Qd2 Be6 11. Bd4 Qa5 12. a3 Rfc8 13. O-O-O Rc4
14. Nd5 Qxd2+ 15. Rxd2 Bxd5 16. exd5 Ne4 17. Bxe4 Rxd4 18. Rxd4 Bxd4 19. f4
Rc8 20. Re1 Bf6 21. c3 a5 22. a4 Rc5 23. Kc2 Kf8 24. h4 Ke8 25. h5 gxh5 26.
Rh1 h4 27. gxh4 Rc4 28. Kd3 Rxa4 29. h5 h6 30. Rg1 Kf8 31. Ke3 Ra2 32. Bh7
Bg7 33. Rb1 a4 34. Bd3 a3 35. bxa3 Rxa3 36. Rxb7 Bxc3 37. Rb8+ Kg7 38. Rb7
Kf6 39. Rb8 e6 40. dxe6 Kxe6 41. Rb3 Rxb3 42. Bc4+ Kf5 43. Bxb3 f6 44. Ba4
Kg4 45. Bd1+ Kg3 46. Ke4 Bd2 47. Kf5 Bxf4 1/2-1/2

[Event "North American Open"]
[Site "Las Vegas USA"]
[Date "2002.12.26"]
[Round "1"]
[White "Mackenzie,D"]
[Black "Baker,B"]
[Result "1-0"]
[WhiteElo "2116"]
[BlackElo "2056"]
[EventDate "2002.12.26"]

1. e4 e5 2. f4 d5 3. exd5 c6 4. d4 exd4 5. Qxd4 cxd5 6. Nf3 Nf6 7. Bb5+ Bd7
8. Qe3+ Be7 9. Nd4 Nc6 10. c3 O-O 11. Bxc6 bxc6 12. O-O c5 13. Ne2 Re8 14.
f5 Bd6 15. Qd3 Qb6 16. c4 dxc4 17. Qc2 c3 18. Nbxc3 Ng4 19. Ng3 Bxg3 20.
hxg3 Bc6 21. Bf4 c4+ 22. Kh1 Ne3 23. Bxe3 Rxe3 24. Qf2 Rae8 25. Rad1 Qb8
26. Kh2 h5 27. Rd4 R8e5 28. Rfd1 Qb4 29. R1d2 Qc5 30. Qf4 Re1 31. Qf2 Be8
32. Rf4 R5e3 33. Re4 Bc6 34. Rd8+ Kh7 35. Rh4 Be8 36. Rxh5+ Kg8 37. Rxe8+
1-0

[Event "North American Open"]
[Site "Las Vegas USA"]
[Date "2002.12.27"]
[Round "2"]
[White "Shabalov,A"]
[Black "Adamson,R"]
[Result "1-0"]
[WhiteElo "2621"]
[BlackElo "2297"]
[EventDate "2002.12.26"]

1. d4 Nf6 2. c4 c5 3. d5 b5 4. cxb5 a6 5. b6 e6 6. Nc3 Nxd5 7. Nxd5 exd5 8.
Qxd5 Nc6 9. Nf3 Rb8 10. Ne5 Qf6 11. Nxc6 dxc6 12. Qf3 Be7 13. Bd2 Qxb2 14.
Bc3 Qc2 15. Bxg7 c4 16. Qc3 Qa4 17. Rb1 Rg8 18. Be5 Rb7 19. e4 Be6 20. Be2
Qxa2 21. Ra1 Qb3 22. O-O Qxc3 23. Bxc3 Rxb6 24. Rfc1 Kd7 25. Bd4 c5 26. Be3
Rgb8 27. f4 f6 28. h3 R8b7 29. Kf2 Bf7 30. Ra4 Rc6 31. Rc2 Rb4 32. Ra5 Rb5
33. Ra1 Rb4 34. Bd2 Rb3 35. Ba5 Be6 36. Bc3 Rcb6 37. Ra4 Bf7 38. g4 Be6 39.
g5 fxg5 40. f5 Bf7 41. e5 Bd5 42. Bxc4 Bxc4 43. Rxc4 h5 44. Re2 Ra3 45. e6+
Ke8 46. f6 Rbb3 47. f7+ Kf8 48. Re3 a5 49. Ke2 a4 50. Rd3 Ra2+ 51. Kf3 Rc2
52. Rxc5 Bxc5 53. Rd8+ Ke7 54. f8=Q+ Kxe6 55. Qf6+ 1-0

[Event "North American Open"]
[Site "Las Vegas USA"]
[Date "2002.12.27"]
[Round "2"]
[White "Kelson,R"]
[Black "Pigusov,E"]
[Result "0-1"]
[WhiteElo "2278"]
[BlackElo "2622"]
[EventDate "2002.12.26"]

1. e4 c5 2. Nf3 d6 3. d4 cxd4 4. Nxd4 Nf6 5. Nc3 a6 6. Bg5 e6 7. f4 Qb6 8.
Qd2 Qxb2 9. Nb3 Qa3 10. Be2 Nbd7 11. O-O Be7 12. f5 O-O 13. Nb1 Qa4 14. Nc3
Qb4 15. Nd5 Nxd5 16. Qxb4 Nxb4 17. Bxe7 Re8 18. Bxd6 Nc6 19. Rae1 b6 20.
Bc4 Nde5 21. fxe6 Bxe6 22. Bd5 Rac8 23. c4 Nxc4 24. Bf4 Nb4 25. Bxe6 fxe6
26. Rf3 e5 27. Bg3 Nxa2 28. Rd1 Red8 29. Rfd3 Rxd3 30. Rxd3 b5 31. Be1 b4
32. Rd7 Nc3 33. Rb7 a5 34. Nxa5 Nxa5 35. Rxb4 Ne2+ 36. Kf2 Nf4 37. Rb1 Nd3+
38. Ke2 Nxe1 39. Kxe1 Rc4 0-1

[Event "North American Open"]
[Site "Las Vegas USA"]
[Date "2002.12.27"]
[Round "2"]
[White "Yermolinsky,A"]
[Black "Bartholomew,J"]
[Result "1-0"]
[WhiteElo "2575"]
[BlackElo "2307"]
[EventDate "2002.12.26"]

1. d4 Nf6 2. c4 c5 3. d5 b5 4. cxb5 a6 5. b6 e6 6. Nc3 Nxd5 7. Nxd5 exd5 8.
Qxd5 Nc6 9. Nf3 Rb8 10. e4 Be7 11. Bc4 O-O 12. O-O Rxb6 13. Qh5 d6 14. b3
Bf6 15. Ng5 Bxg5 16. Bxg5 Qe8 17. Rad1 Ne5 18. Be2 f6 19. Qxe8 Rxe8 20. Bd2
Nf7 21. Ba5 Rc6 22. Rfe1 Kf8 23. f3 Bd7 24. Bc3 Rb6 25. Rd2 Bb5 26. Bd1 f5
27. Bc2 Bc6 28. e5 g6 29. e6 d5 30. Rde2 Bb5 31. e7+ Kg8 32. Re6 Rb7 33. a4
Bd7 34. Rxa6 d4 35. Ba5 d3 36. Bxd3 Rxb3 37. Bc4 1-0